QUEST Central Library Banner

Computer methods in advanced structural analysis / (Record no. 13342)

MARC details
000 -LEADER
fixed length control field 00729nam a2200205 a 4500
020 ## - INTERNATIONAL STANDARD BOOK NUMBER
ISBN 0700224297 (hardcover)
020 ## - INTERNATIONAL STANDARD BOOK NUMBER
ISBN 9780700224296 (hardcover)
100 1# - MAIN ENTRY--AUTHOR NAME
Personal name Wang, Chu-Kia.
245 10 - TITLE STATEMENT
Title Computer methods in advanced structural analysis /
250 ## - EDITION STATEMENT
Edition statement 1St Edition.
260 ## - PUBLICATION, DISTRIBUTION, ETC. (IMPRINT)
Place of publication [S.l.] :
Name of publisher Intext Educational Publishers,
Year of publication 1973.
300 ## - PHYSICAL DESCRIPTION
Number of Pages 401 p. ;
490 1# - SERIES STATEMENT
Series statement The intext series in civil engineering.
520 ## - SUMMARY, ETC.
Summary, etc Book by Wang, Chu-Kia.
856 40 - ELECTRONIC LOCATION AND ACCESS
Uniform Resource Identifier http://www.amazon.com/exec/obidos/ASIN/0700224297/chopaconline-20
Holdings
Withdrawn status Lost status Home library Current library Date acquired Cost, normal purchase price Full call number Accession Number Koha item type
    Central Library, QUEST, Nawabshah Central Library, QUEST, Nawabshah 27/04/2015 73.00 624.171WAN 9595 Books
    Central Library, QUEST, Nawabshah Central Library, QUEST, Nawabshah 27/04/2015 73.00 624.171WAN 9596 Books

Copyright © 2018,The QUEST, Nawabshah, Shaheed Benazirabad. All rights reserved
Mr. G. Farooq Channar (Librarian) QUEST, Nawabshah, Sindh, Pakistan 67480.
 Ph#: |   0244-9370381-4 Ext. 2308   Email| lib@quest.edu.pk   Web|  http://www.quest.edu.pk